000
00345pab a2200145 454500
008
180718b2001 xxu||||| |||| 00| 0 eng d
100
_a
Mungekar, Bhatchaandra L.
245
_a
The political economy of globalisation
260
_c
2001
300
_a
p.7-11
362
_a
9 Dec
650
_a
Globalization
773
_a
Janata
909
_a
50907
999
_c
50907
_d
50907